000 01830cam a22003494i 4500
003 PE-LiUPU
005 20250731183418.0
008 150625s r 000 0 d
035 _a(Sirsi) a34985
040 _aPE-LiUPU
_bspa
_cPE-LiUPU
_erda
082 0 4 _a796.612
_bF79
_221
100 1 _aFox, Edward L.,
_eautor.
245 1 0 _aFisiología del deporte /
_cEdward L. Fox.
264 1 _aBuenos Aires :
_bEdit. Médica Panamericana,
_c1984.
300 _a351 páginas :
_bilustraciones ;
_c25 cm.
336 _atext
_2rdacontent
337 _aunmediated
_2rdamedia
338 _avolume
_2rdacarrier
505 0 _aEnergía. -Actividades deportivas y el continuum energético. -El combustible para el ejercicio. -Procesos de recuperación. -Conceptos neuromusculares aplicados a los deportes. -Entrenamiento de resistencia con pesas: métodos y efectos. -Sistema de transporte de oxígeno. Respiración y circulación. -Entrenamiento de "sprint" y resistencia: métodos y efectos. -Composición del cuerpo, nutrición y rendimiento. -Deshidratación, problemas por el calor y prevención de las enfermedades relacionadas con el calor. -Preguntas que se plantean con frecuencia respecto del rendimiento y de la fisiología del deporte.
526 _aP158
526 _aP146
526 _aP17
526 _aP12
526 _aP06
650 0 4 _aDeportes
_xAspectos fisiológicos.
910 _a
942 _2ddc
_cBOOK
949 _a796.612 F79
_wDEWEY
_c1
_i35508
_lCCODEBUL1
_mBUL
_p00.00
_r0
_sY
_tBOOK
_u2015-06-25
_xBIBLIOTECA
_zUNKNOWN
_0COMPRA
_o.STAFF. Colección General
596 _a1
999 _a796.612 F79
_wDEWEY
_c42901
_i35508
_d42901
_e2019-4-14
_f2021-12-2
_g7
_lCCODEBUL1
_mBUL
_n2
_r0
_sY
_tBOOK
_u2015-6-25
_xEDUCACION
_zUNKNOWN
_0COMPRA
_o.STAFF. Colección General
980 _81
_gALBERTO SANCHEZ Responsable de Automatización